000 00568nam a2200229Ia 4500
003 OSt
005 20220928142224.0
006 a|||||r|||| 00| 0
007 ta
008 220927b |||||||| |||| 00| 0 eng d
024 _a18728
037 _cTextual
040 _aSDCL
_cSDCL
_beng
041 _2eng
_aeng
082 _aB398, M0
100 _aFarkas Hershel M
_9502954
245 0 _aRiemann surfaces.
260 _c1980
700 _a Kra Irwin
_9435243
942 _hB398, M0
_cTEXL
_2CC
999 _c820952
_d820952